Ekodizajn ako súčasť manažérstva environmentu

Efektívnosť systémov manažérstva a vplyv na riadenie organizácie. Dôvody implementácie systémov manažérstva environmentu, ktoré sú rozhodujúcim faktorom pre organizácie. Cieľ systému manažérstva environmentu zameraný na kvalitné životné prostredie a environmentálna zodpovednosť.

Salvato in:
Dettagli Bibliografici
Autore principale: Karkalíková, Marta
Natura: Capitolo di libro
Lingua:slovacco
Soggetti:
Tags: Aggiungi Tag
Nessun Tag, puoi essere il primo ad aggiungerne!!

MARC

LEADER 00000naa$a2200000$$$4500
001 0263227
005 20240502074159.3
041 0 |a slo 
044 |a SK 
245 1 0 |a Ekodizajn ako súčasť manažérstva environmentu  |c Marta Karkalíková 
520 |a Efektívnosť systémov manažérstva a vplyv na riadenie organizácie. Dôvody implementácie systémov manažérstva environmentu, ktoré sú rozhodujúcim faktorom pre organizácie. Cieľ systému manažérstva environmentu zameraný na kvalitné životné prostredie a environmentálna zodpovednosť. 
610 2 0 |a dizajn 
610 2 0 |a environmentalistika 
610 2 0 |a manažment environmentálny 
610 2 0 |a prostredie životné 
610 2 0 |a politika environmentálna 
100 1 |a Karkalíková, Marta